|
|
|
|
| LEADER |
00000nam0a2200000 4500 |
| 001 |
204029 |
| 005 |
20231101225205.0 |
| 035 |
|
|
|a (RuTPU)RU\TPU\book\222360
|
| 090 |
|
|
|a 204029
|
| 100 |
|
|
|a 20111118d2011 m y0rusy50 ca
|
| 101 |
0 |
|
|a rus
|
| 102 |
|
|
|a RU
|
| 105 |
|
|
|a y j 001zy
|
| 200 |
1 |
|
|a Высшая математика. Функциональный анализ
|e учебное пособие
|f И. Е. Гопенгауз
|g Национальный исследовательский технологический университет "МИСиС", Кафедра математики
|
| 210 |
|
|
|a Москва
|c МИСиС
|d 2011
|
| 215 |
|
|
|a 109 с.
|
| 320 |
|
|
|a Библиогр.: с. 109.
|
| 330 |
|
|
|a Пособие облегчит студенту поиск подходов к решению задач. С этой целью приводятся полные решения или указания к решению ряда задач. Решения, указания и ответы помещены сразу после условия соответствующей задачи. Кроме того, пособие призвано помочь студенту в подготовке к контрольным работам, индивидуальным домашним заданиям, а также к экзаменационной работе по предмету.
|
| 606 |
1 |
|
|a Функциональный анализ
|2 stltpush
|3 (RuTPU)RU\TPU\subj\17110
|9 42934
|
| 610 |
1 |
|
|a высшая математика
|
| 610 |
1 |
|
|a линейные нормированные пространства
|
| 610 |
1 |
|
|a линейные операторы
|
| 610 |
1 |
|
|a линейные функционалы
|
| 610 |
1 |
|
|a пространства
|
| 610 |
1 |
|
|a неравенства
|
| 610 |
1 |
|
|a полнота
|
| 610 |
1 |
|
|a компактность
|
| 610 |
1 |
|
|a сепарабельность
|
| 610 |
1 |
|
|a гильбертовы пространства
|
| 610 |
1 |
|
|a теоремы
|
| 610 |
1 |
|
|a задачи
|
| 610 |
1 |
|
|a решения
|
| 610 |
1 |
|
|a учебные пособия
|
| 675 |
|
|
|a 517.98(075.8)
|v 3
|
| 700 |
|
1 |
|a Гопенгауз
|b И. Е.
|g Израиль Евсеевич
|
| 712 |
0 |
2 |
|a Национальный исследовательский технологический университет "МИСиС"
|b Кафедра математики
|c (Москва)
|c (2008- )
|2 stltpush
|3 (RuTPU)RU\TPU\col\17156
|
| 801 |
|
1 |
|a RU
|b 63413507
|c 20111118
|
| 801 |
|
2 |
|a RU
|b 63413507
|c 20150702
|g RCR
|
| 900 |
|
|
|a Высшая математика
|
| 942 |
|
|
|c BK
|
| 959 |
|
|
|a 95/20111118
|d 2
|e 140,25
|f ЧЗТЛ:1
|f АНЛ:1
|